<?xml version="1.0" encoding="UTF-8"?>
<record
    xmlns:xsi="http://www.w3.org/2001/XMLSchema-instance"
    xsi:schemaLocation="http://www.loc.gov/MARC21/slim http://www.loc.gov/standards/marcxml/schema/MARC21slim.xsd"
    xmlns="http://www.loc.gov/MARC21/slim">

  <leader>00622nam a22001337a 4500</leader>
  <datafield tag="040" ind1=" " ind2=" ">
    <subfield code="c">RUA</subfield>
  </datafield>
  <datafield tag="082" ind1=" " ind2=" ">
    <subfield code="a">AVM CHE 2009 B087 Or.1</subfield>
  </datafield>
  <datafield tag="100" ind1=" " ind2=" ">
    <subfield code="a">CHEA, SAMNANG.</subfield>
  </datafield>
  <datafield tag="245" ind1=" " ind2=" ">
    <subfield code="a">Study on breastfeed sow raising in oreang ov district kompong cham province, &#x1780;&#x17B6;&#x179A;&#x179F;&#x17B7;&#x1780;&#x17D2;&#x179F;&#x17B6;&#x1796;&#x17B8;&#x1780;&#x17B6;&#x179A;&#x1785;&#x17B7;&#x1789;&#x17D2;&#x1785;&#x17B9;&#x1798;&#x1798;&#x17C1;&#x1787;&#x17D2;&#x179A;&#x17BC;&#x1780;&#x1794;&#x17C6;&#x1794;&#x17C5;&#x1780;&#x17BC;&#x1793;&#x1793;&#x17C5;&#x179F;&#x17D2;&#x179A;&#x17BB;&#x1780;&#x17A2;&#x17BC;&#x179A;&#x17B6;&#x17C6;&#x1784;&#x17AA; &#x1781;&#x17C1;&#x178F;&#x17D2;&#x178F;&#x200B;&#x1780;&#x17C6;&#x1796;&#x1784;&#x17CB;&#x1785;&#x17B6;&#x1798;</subfield>
  </datafield>
  <datafield tag="260" ind1=" " ind2=" ">
    <subfield code="a">Phnom Penh</subfield>
    <subfield code="b">RUA</subfield>
    <subfield code="c">2009</subfield>
  </datafield>
  <datafield tag="300" ind1=" " ind2=" ">
    <subfield code="a">ix; 56p.</subfield>
    <subfield code="b">ill.</subfield>
    <subfield code="c">29cm.</subfield>
  </datafield>
  <datafield tag="856" ind1=" " ind2=" ">
    <subfield code="u">https://drive.google.com/file/d/10DXs_OTgtprTjBzG93TZstUm72H4uQb4/view?usp=sharing</subfield>
  </datafield>
  <datafield tag="942" ind1=" " ind2=" ">
    <subfield code="c">AVM</subfield>
  </datafield>
  <datafield tag="999" ind1=" " ind2=" ">
    <subfield code="c">2330</subfield>
    <subfield code="d">2330</subfield>
  </datafield>
  <datafield tag="952" ind1=" " ind2=" ">
    <subfield code="0">0</subfield>
    <subfield code="1">0</subfield>
    <subfield code="2">ddc</subfield>
    <subfield code="4">0</subfield>
    <subfield code="6">AVM_CHE_2009_000000000000000_B087_OR_1</subfield>
    <subfield code="7">0</subfield>
    <subfield code="9">10093</subfield>
    <subfield code="a">LBB</subfield>
    <subfield code="b">LBB</subfield>
    <subfield code="c">B087</subfield>
    <subfield code="d">2015-10-19</subfield>
    <subfield code="o">AVM CHE 2009 B087 Or.1</subfield>
    <subfield code="p">RUA007314</subfield>
    <subfield code="r">2015-10-19</subfield>
    <subfield code="w">2015-10-19</subfield>
    <subfield code="y">AVM</subfield>
  </datafield>
  <datafield tag="952" ind1=" " ind2=" ">
    <subfield code="0">0</subfield>
    <subfield code="1">0</subfield>
    <subfield code="2">ddc</subfield>
    <subfield code="4">0</subfield>
    <subfield code="6">AVM_CHE_2009_000000000000000_B087_OR_2</subfield>
    <subfield code="7">0</subfield>
    <subfield code="9">10094</subfield>
    <subfield code="a">LBB</subfield>
    <subfield code="b">LBB</subfield>
    <subfield code="c">B087</subfield>
    <subfield code="d">2015-10-19</subfield>
    <subfield code="l">1</subfield>
    <subfield code="o">AVM CHE 2009 B087 Or.2</subfield>
    <subfield code="p">RUA008172</subfield>
    <subfield code="r">2016-04-28</subfield>
    <subfield code="s">2016-03-23</subfield>
    <subfield code="w">2015-10-19</subfield>
    <subfield code="y">AVM</subfield>
  </datafield>
  <datafield tag="952" ind1=" " ind2=" ">
    <subfield code="0">0</subfield>
    <subfield code="1">0</subfield>
    <subfield code="2">ddc</subfield>
    <subfield code="4">0</subfield>
    <subfield code="6">AVM_CHE_2009_000000000000000_B087_OR_3</subfield>
    <subfield code="7">0</subfield>
    <subfield code="9">10095</subfield>
    <subfield code="a">LBB</subfield>
    <subfield code="b">LBB</subfield>
    <subfield code="c">B087</subfield>
    <subfield code="d">2015-10-19</subfield>
    <subfield code="l">2</subfield>
    <subfield code="m">3</subfield>
    <subfield code="o">AVM CHE 2009 B087 Or.3</subfield>
    <subfield code="p">RUA008108</subfield>
    <subfield code="r">2016-07-25</subfield>
    <subfield code="s">2016-06-20</subfield>
    <subfield code="w">2015-10-19</subfield>
    <subfield code="y">AVM</subfield>
  </datafield>
  <datafield tag="952" ind1=" " ind2=" ">
    <subfield code="0">0</subfield>
    <subfield code="1">0</subfield>
    <subfield code="2">ddc</subfield>
    <subfield code="4">0</subfield>
    <subfield code="6">AVM_CHE_2009_000000000000000_B087_OR_4</subfield>
    <subfield code="7">0</subfield>
    <subfield code="9">10096</subfield>
    <subfield code="a">LBB</subfield>
    <subfield code="b">LBB</subfield>
    <subfield code="c">B087</subfield>
    <subfield code="d">2015-10-19</subfield>
    <subfield code="l">1</subfield>
    <subfield code="o">AVM CHE 2009 B087 Or.4</subfield>
    <subfield code="p">RUA019731</subfield>
    <subfield code="r">2016-04-28</subfield>
    <subfield code="s">2016-03-23</subfield>
    <subfield code="w">2015-10-19</subfield>
    <subfield code="y">AVM</subfield>
  </datafield>
  <datafield tag="952" ind1=" " ind2=" ">
    <subfield code="0">0</subfield>
    <subfield code="1">0</subfield>
    <subfield code="2">ddc</subfield>
    <subfield code="4">0</subfield>
    <subfield code="6">AVM_CHE_2009_000000000000000_B087_OR_5</subfield>
    <subfield code="7">0</subfield>
    <subfield code="9">10097</subfield>
    <subfield code="a">LBB</subfield>
    <subfield code="b">LBB</subfield>
    <subfield code="c">B087</subfield>
    <subfield code="d">2015-10-19</subfield>
    <subfield code="l">4</subfield>
    <subfield code="m">2</subfield>
    <subfield code="o">AVM CHE 2009 B087 Or.5</subfield>
    <subfield code="p">RUA019935</subfield>
    <subfield code="r">2016-09-19</subfield>
    <subfield code="s">2016-09-19</subfield>
    <subfield code="w">2015-10-19</subfield>
    <subfield code="y">AVM</subfield>
  </datafield>
  <datafield tag="952" ind1=" " ind2=" ">
    <subfield code="0">0</subfield>
    <subfield code="1">0</subfield>
    <subfield code="2">ddc</subfield>
    <subfield code="4">0</subfield>
    <subfield code="6">AVM_CHE_2009_000000000000000_B087_OR_6</subfield>
    <subfield code="7">0</subfield>
    <subfield code="9">10098</subfield>
    <subfield code="a">LBB</subfield>
    <subfield code="b">LBB</subfield>
    <subfield code="c">B087</subfield>
    <subfield code="d">2015-10-19</subfield>
    <subfield code="l">1</subfield>
    <subfield code="o">AVM CHE 2009 B087 Or.6</subfield>
    <subfield code="p">RUA006288</subfield>
    <subfield code="r">2018-02-03</subfield>
    <subfield code="s">2018-01-13</subfield>
    <subfield code="w">2015-10-19</subfield>
    <subfield code="y">AVM</subfield>
  </datafield>
  <datafield tag="952" ind1=" " ind2=" ">
    <subfield code="0">0</subfield>
    <subfield code="1">0</subfield>
    <subfield code="2">ddc</subfield>
    <subfield code="4">0</subfield>
    <subfield code="6">AVM_CHE_2009_000000000000000_B087_OR_7</subfield>
    <subfield code="7">0</subfield>
    <subfield code="9">10099</subfield>
    <subfield code="a">LBB</subfield>
    <subfield code="b">LBB</subfield>
    <subfield code="c">B087</subfield>
    <subfield code="d">2015-10-19</subfield>
    <subfield code="l">2</subfield>
    <subfield code="m">2</subfield>
    <subfield code="o">AVM CHE 2009 B087 Or.7</subfield>
    <subfield code="p">RUA009452</subfield>
    <subfield code="r">2016-08-29</subfield>
    <subfield code="s">2016-08-02</subfield>
    <subfield code="w">2015-10-19</subfield>
    <subfield code="y">AVM</subfield>
  </datafield>
</record>
